Palmer moves into venture capital (Record no. 55914)

MARC details
000 -LEADER
fixed length control field 00715cab a2200205 4500
001 - CONTROL NUMBER
control field WB3435-27
008 - FIXED-LENGTH DATA ELEMENTS--GENERAL INFORMATION
fixed length control field 090401t1998 xxu||||| |||| 00| 0 eng d
035 ## - SYSTEM CONTROL NUMBER
System control number (Sirsi) u88496
041 ## - LANGUAGE CODE
Language code of text/sound track or separate title eng
245 ## - TITLE STATEMENT
Title Palmer moves into venture capital
260 ## - PUBLICATION, DISTRIBUTION, ETC.
Date of publication, distribution, etc. 1998
350 ## - PRICE (NR) (BK AM CF MU VM SE) [OBSOLETE]
Price 0
490 ## - SERIES STATEMENT
Series statement Estates Gazette
Volume/sequential designation (9837) 12 September 1998, 55(1)
520 ## - SUMMARY, ETC.
Summary, etc. A new venture capital company specialising in property has been launched by the former head of Lambert Smith Hampton and a senior lawyer from the disbanded firm of Frere Cholmeley Bischoff.
650 ## - SUBJECT ADDED ENTRY--TOPICAL TERM
Topical term or geographic name entry element PALMER CAPITAL PARTNERS
650 ## - SUBJECT ADDED ENTRY--TOPICAL TERM
Topical term or geographic name entry element VENTURE CAPITAL
690 ## - LOCAL SUBJECT ADDED ENTRY--TOPICAL TERM (OCLC, RLIN)
Topical term or geographic name as entry element PROPERTY-PROPERTY FINANCE AND INVESTMENT
942 ## - ADDED ENTRY ELEMENTS (KOHA)
Suppress in OPAC 0
948 ## - LOCAL PROCESSING INFORMATION (OCLC); SERIES PART DESIGNATOR (RLIN)
c (OCLC) 15/09/1998
Holdings
Withdrawn status Lost status Source of classification or shelving scheme Damaged status Not for loan Home library Current library Shelving location Date acquired Total Checkouts Full call number Barcode Date last seen Copy number Price effective from Koha item type
    Dewey Decimal Classification     London London News article 14/09/1999   WB3435-27 88496-1001 06/08/2019 1 06/08/2019 News article